Advanced Accountancy ( Vol-II) (Record no. 646)

MARC details
000 -LEADER
fixed length control field 00442nam a22001697a 4500
005 - DATE AND TIME OF LATEST TRANSACTION
control field 20210902102809.0
008 - FIXED-LENGTH DATA ELEMENTS--GENERAL INFORMATION
fixed length control field 160512b xxu||||| |||| 00| 0 eng d
020 ## - INTERNATIONAL STANDARD BOOK NUMBER
ISBN 81-8054-072-3
041 ## - LANGUAGE CODE
Language code of text/sound track or separate title eng
082 ## - DEWEY DECIMAL CLASSIFICATION NUMBER
Item number 1651
Classification number 657.046
100 ## - MAIN ENTRY--AUTHOR NAME
Personal name Gupta, R.L. and Radhaswamy M.
245 ## - TITLE STATEMENT
Title Advanced Accountancy ( Vol-II)
260 ## - PUBLICATION, DISTRIBUTION, ETC. (IMPRINT)
Place of publication New Delhi
Name of publisher Sultan Chand & Sons.
Year of publication 1972
300 ## - PHYSICAL DESCRIPTION
Number of Pages am VII
650 ## - SUBJECT ADDED ENTRY--TOPICAL TERM
Topical Term Management
942 ## - ADDED ENTRY ELEMENTS (KOHA)
Koha item type Books
Holdings
Lost status Damaged status Collection code Home library Current library Shelving location Date acquired Cost, normal purchase price Full call number Accession Number Koha item type Source of acquisition
    LAW JRU Library   SHELF-32-A 12/05/2016 300.00 657.046 1651 Books  
    Reference JRU Library   SHELF-28-I 12/05/2016 300.00 657.046 1652 Books  
    LAW JRU Library   SHELF-32-A 12/05/2016 300.00 657.046 1653 Books  
    Reference JRU Library JRU Library SHELF-1-E 12/05/2016 300.00 657.046 1654 Books PURCHASE
    LAW JRU Library   SHELF-32-A 12/05/2016 300.00 657.046 1655 Books  
    LAW JRU Library   SHELF-32-A 12/05/2016 300.00 657.046 1656 Books